000 00412nam a2200181Ia 4500
005 20250603150010.0
008 250603s9999 xx 000 0 und d
020 _a9781138780934
050 _aKM 500 .M3/
100 _aMartin, Jacqueline
245 0 _aUnlocking criminal law.
260 _aNew york
260 _bBell and Bain
260 _c2015
300 _a601 p
650 _aNew york
942 _cBK
999 _c43465
_d43465